| 000 | 00505nam a2200181 a 4500 | ||
|---|---|---|---|
| 001 | 1232 | ||
| 003 | CDMR | ||
| 005 | 20131210123836.0 | ||
| 008 | 130130s1988||||||||||||||||||||||||||||d | ||
| 020 | _a8476520360 | ||
| 040 |
_aCDMR _bcat _cCDMR |
||
| 100 | 1 |
_aUrabayen, Miguel _9960 |
|
| 245 | 1 | 0 |
_aEstructura de la información periodística _b: concepto y método _cMiguel Urabayen |
| 260 |
_aBarcelona _c1988 _bMitre |
||
| 300 | _a149 p. | ||
| 490 | 0 | _aCiencias de la comunicación (Mitre) | |
| 942 |
_cMON _2udc |
||
| 999 |
_c1232 _d1232 |
||